Political Friendship : Liberal Notables, Networks, and the Pursuit of the German Nation State, 1848-1866.

No detailed description available for "Political Friendship".

Bibliographic Details
Main Author: Weaver, Michael.
Format: eBook
Language:English
Published: New York, NY : Berghahn Books, Incorporated, 2024.
Edition:1st ed.
Series:Studies in German History Series
Subjects:
Online Access:Click to View
LEADER 01720nam a22004093i 4500
001 EBC31498605
003 MiAaPQ
005 20240729202206.0
006 m o d |
007 cr cnu||||||||
008 240729s2024 xx o ||||0 eng d
020 |a 9781805392859  |q (electronic bk.) 
020 |z 9781805392835 
035 |a (MiAaPQ)EBC31498605 
035 |a (Au-PeEL)EBL31498605 
035 |a (OCoLC)1443081318 
040 |a MiAaPQ  |b eng  |e rda  |e pn  |c MiAaPQ  |d MiAaPQ 
050 4 |a DD207.5 .W43 2024 
082 0 |a 943.076 
100 1 |a Weaver, Michael. 
245 1 0 |a Political Friendship :  |b Liberal Notables, Networks, and the Pursuit of the German Nation State, 1848-1866. 
250 |a 1st ed. 
264 1 |a New York, NY :  |b Berghahn Books, Incorporated,  |c 2024. 
264 4 |c Ã2024. 
300 |a 1 online resource (274 pages) 
336 |a text  |b txt  |2 rdacontent 
337 |a computer  |b c  |2 rdamedia 
338 |a online resource  |b cr  |2 rdacarrier 
490 1 |a Studies in German History Series ;  |v v.29 
520 |a No detailed description available for "Political Friendship". 
588 |a Description based on publisher supplied metadata and other sources. 
590 |a Electronic reproduction. Ann Arbor, Michigan : ProQuest Ebook Central, 2024. Available via World Wide Web. Access may be limited to ProQuest Ebook Central affiliated libraries.  
655 4 |a Electronic books. 
776 0 8 |i Print version:  |a Weaver, Michael  |t Political Friendship  |d New York, NY : Berghahn Books, Incorporated,c2024  |z 9781805392835 
797 2 |a ProQuest (Firm) 
830 0 |a Studies in German History Series 
856 4 0 |u https://ebookcentral.proquest.com/lib/matrademy/detail.action?docID=31498605  |z Click to View